Linear algebra : (Record no. 29362)

000 -LEADER
fixed length control field 00552 a2200169 4500
020 ## - INTERNATIONAL STANDARD BOOK NUMBER
International Standard Book Number 8181281780
020 ## - INTERNATIONAL STANDARD BOOK NUMBER
International Standard Book Number 9788181281784
082 ## - DEWEY DECIMAL CLASSIFICATION NUMBER
Classification number 512.55
090 ## - LOCALLY ASSIGNED LC-TYPE CALL NUMBER (OCLC); LOCAL CALL NUMBER (RLIN)
-- 734
-- 734
100 1# - MAIN ENTRY--PERSONAL NAME
Personal name Curtis.Charles W
245 10 - TITLE STATEMENT
Title Linear algebra :
Remainder of title an introductory approach 4/e /
Statement of responsibility, etc. Charles W. Curtis
260 ## - PUBLICATION, DISTRIBUTION, ETC.
Place of publication, distribution, etc. [S.l.] :
Name of publisher, distributor, etc. Springer,
Date of publication, distribution, etc. 1984
300 ## - PHYSICAL DESCRIPTION
Extent 1 v. (unpaged)
700 ## - ADDED ENTRY--PERSONAL NAME
Personal name Curtis.Charles W
942 ## - ADDED ENTRY ELEMENTS (KOHA)
Institution code [OBSOLETE] SNS
Koha item type Book
Call number prefix 512.55 CUR
Holdings
Withdrawn status Lost status Damaged status Not for loan Permanent Location Current Location Date acquired Total Checkouts Full call number Barcode Date last seen Price effective from Koha item type
        School of Natural Sciences (SNS) School of Natural Sciences (SNS) 05/26/2016   512.55 CUR SNS0000897 05/26/2016 05/26/2016 Book
© 2023 Central Library, National University of Sciences and Technology. All Rights Reserved.